000 00835nam a2200265 a 4500
001 2429
003 BD-DhBUF
005 20250628151038.0
008 950616s1995 caua 000 0 eng d
010 _a 95068865
020 _a1883553458
035 _a(OCoLC)35362503
040 _aMSC
_cMSC
_dDLC
042 _alccopycat
050 0 4 _aHF5549.5.T7
_bW316 1995
082 0 0 _a658.3/12404
_221
100 1 _aWade, Pamela A.
_91230
245 1 0 _aProducing high-impact learning tools :
_ba practical guide to developing effective training materials /
_cPamela A. Wade.
260 _aIrvine, Calif. :
_bRichard Chang Associates,
_cc1995.
300 _avii, 107 p. :
_bill. ;
_c26 cm.
440 0 _aHigh-impact training series
_93808
440 2 _aA Practical guidebook
650 0 _aEmployees
_xTraining of.
_92463
942 _2ddc
_cBK
999 _c2429
_d2429